000 00995nam a22003017a 4500
003 CHAP
005 20220329143316.0
008 080429d2005 us ad r 00110 eng d
010 _a94763
011 _a95735
020 _a9780471498933
035 _a106365
040 _cCHAP
082 0 4 _a641.12
_bW4
100 1 _aWhitford, David
_9121745
245 1 0 _aProteins :
_bstructure and function
_c/by David Whitford
260 _aHoboken, NJ :
_bWiley,
_cc2005
300 _axiv, 528 p. :
_bilus. ; gráfs. ; tablas
590 _aBATCH-UPD
_b10
_c20130110
_lUCH01
_h0722
590 _aBATCH-UPD
_b10
_c20130410
_lUCH01
_h0406
590 _aBATCH-UPD
_b10
_c20130914
_lUCH01
_h1944
590 _aCONVERSION
_b10
_c20130109
_lUCH01
_h1352
650 1 4 _aProteínas.
_992446
901 _aBK
942 _cLIBRO
949 _a641.12 W4
_bBC
_cLIBRO
_d33724002055280
_eLIBRO
_gI.c/e
_h109487
_i106365
_sb
_t$766.50
949 _a641.12 W4
_bBC
_cLIBRO
_d33724002055298
_eLIBRO
_fc.2
_gI.c/e
_h109488
_i106365
_si
_t$766.50
999 _c94763
_d94763